Normal view
MARC view
Entry Personal Name
001 - CONTROL NUMBER
- control field: 29108
003 - CONTROL NUMBER IDENTIFIER
- control field: dpl
005 - DATE AND TIME OF LATEST TRANSACTION
- control field: 20110701141510.0
008 - FIXED-LENGTH DATA ELEMENTS
- fixed length control field: 110701|||a|||||| | ||| d
040 ## - CATALOGING SOURCE
- Original cataloging agency: dpl
- Transcribing agency: dpl
100 ## - HEADING--PERSONAL NAME
- Personal name: विजय किशोर मानव
670 ## - SOURCE DATA FOUND
- Source citation: Work cat.: (dpl)52257: विजय किशोर मानव, आँधी में यात्रा /, 2009
670 ## - SOURCE DATA FOUND
- Source citation: Work cat.: (dpl)52257: विजय किशोर मानव, आँधी में यात्रा /, 2009
